Estadísticas para Prueba de Camerún

Haz click aquí para intentar la prueba.

Estadísticas generales

  • Esta prueba ha sido intentada 735 veces
  • La puntuación promedio es 8 de 12

Estadísticas de respuestas

HintRespuesta% Correcto
El país más poblado que limita con CamerúnNigeria
90%
Idioma oficialFrancés
88%
Idioma oficialInglés
82%
CapitalYaundé
82%
País que colonizó el Camerún de 1884 a 1916, llamándolo KamerunAlemania
77%
Golfo que limita con CamerúnGolfo de {Guinea}
77%
Camerún ganó la medalla de oro en este deporte de equipo en los Juegos Olímpicos de 2000Fútbol
68%
Como la cercana Costa de Marfil y Ghana, Camerún es uno
de los 5 principales productores de este grano
Cacao
58%
Un lago grande, pero poco profundo, que el extremo norte del
Camerún comparte con otros tres países
Lago Chad
47%
La montaña más altaMonte Camerún
45%
El tipo más grande de rana, que se encuentra principalmente
en Camerún (pista: un personaje de la Biblia)
Rana {Goliat}
36%
La ciudad más pobladaDuala
33%

Distribución de puntuación

Porcentaje por número respondido

Porcentaje de gente con cada puntuación

Historial de tus puntuaciones

No has intentado esta prueba.